[Event "GER-chT U14 Girls"]
[Site "Dittrichshuette"]
[Date "2004.12.29"]
[Round "5.3"]
[White "Gahn, Cornelia"]
[Black "Pohl, Jaqueline"]
[Result "1-0"]
[WhiteElo "1288"]
[BlackElo "915"]
[PlyCount "52"]
[EventDate "2004.12.27"]
[EventType "team"]
[EventRounds "6"]
[EventCountry "GER"]
[SourceTitle "EXT 2006"]
[Source "ChessBase"]
[SourceDate "2005.11.24"]
[SourceVersion "1"]
[SourceVersionDate "2005.11.24"]
[SourceQuality "1"]

1. e4 e5 2. Nf3 Nc6 3. Nc3 Bc5 4. Nxe5 Nxe5 5. d4 Bxd4 6. Qxd4 d6 7. f4 c5 8. Bb5+ Bd7 9. Qxd6 Ne7 10. Qxe5 0-0 11. Qxc5 b6 12. Qf2 Nc6 13. Be3 Qe7 14. 0-0 Rfe8 15. Rae1 Qb4 16. Rb1 a6 17. a3 Qe7 18. Bxc6 Bxc6 19. Bxb6 Bxe4 20. Nxe4 Qxe4 21. Rfe1 Qc6 22. Qc5 Qf6 23. Qd4 Qf5 24. Qa4 Rec8 25. h3 Qxc2 26. Re8+ Rxe8 1-0